Súkromno-verejné partnerstvá a financovanie infraštruktúry závery z odborných prác a skúseností EIB
Využívanie súkromných zdrojov na financovanie projektov infraštruktúry. Charakteristiky súkromno-verejných partnerstiev (PPP). Ekonomické klady a zápory PPP. Obstarávanie investičných projektov prostredníctvom PPP. Právo kontroly nad objektom. Výstavba a prevádzka objektu v jednej zmluve. Prenesenie...
Salvato in:
| Autore principale: | |
|---|---|
| Natura: | Capitolo di libro |
| Lingua: | slovacco |
| Soggetti: | |
| Tags: |
Nessun Tag, puoi essere il primo ad aggiungerne!!
|
MARC
| LEADER | 00000naa$a2200000$$$4500 | ||
|---|---|---|---|
| 001 | 0054148 | ||
| 005 | 20231116083406.8 | ||
| 041 | 0 | |a slo | |
| 044 | |a SK | ||
| 245 | 1 | 0 | |a Súkromno-verejné partnerstvá a financovanie infraštruktúry |b závery z odborných prác a skúseností EIB |c Philippe Maystadt |
| 520 | |a Využívanie súkromných zdrojov na financovanie projektov infraštruktúry. Charakteristiky súkromno-verejných partnerstiev (PPP). Ekonomické klady a zápory PPP. Obstarávanie investičných projektov prostredníctvom PPP. Právo kontroly nad objektom. Výstavba a prevádzka objektu v jednej zmluve. Prenesenie rizika z verejného na súkromný sektor. Úloha EIB v oblasti PPP. | ||
| 610 | 2 | 0 | |a partnerstvo verejno-súkromné |
| 610 | 2 | 0 | |a infraštruktúra |
| 610 | 2 | 0 | |a financovanie investícií |
| 610 | 2 | 0 | |a kontrola |
| 610 | 2 | 0 | |a objekt |
| 610 | 2 | 0 | |a sektor súkromný |
| 610 | 2 | 0 | |a sektor verejný |
| 610 | 2 | 0 | |a riziko |
| 610 | 2 | 0 | |a Európska investičná banka |
| 100 | 1 | |a Maystadt, Philippe | |